Statistics for Cricket - Test player of the Year

Click here to take the quiz!

General Stats

  • This quiz has been taken 26 times
  • The average score is 9 of 15

Answer Stats

YearNameCountry% Correct
2018Virat KohliIndia
92%
2015Steve SmithAustralia
88%
2017Steve SmithAustralia
88%
2006Ricky PontingAustralia
76%
2012Kumar SangakkaraSri Lanka
72%
2004Rahul DravidIndia
72%
2005Jacques KallisSouth Africa
64%
2011Alastair CookEngland
56%
2013Michael ClarkeAustralia
56%
2008Dale SteynSouth Africa
44%
2016Ravichandran AshwinIndia
40%
2010Virender SehwagIndia
40%
2014Mitchell JohnsonAustralia
28%
2007Mohammad YousufPakistan
20%
2009Gautam GambhirIndia
16%

Score Distribution

Percentile by Number Answered

Percent of People with Each Score

Your Score History

You have not taken this quiz